[Event "4NCL Division 1b"]
[Site "Daventry, ENG"]
[Date "2019.01.13"]
[Round "4.78"]
[White "Norinkeviciute, Rasa"]
[Black "Dong, Bao Nghia"]
[Result "1/2-1/2"]
[WhiteElo "2028"]
[BlackElo "2163"]
[PlyCount "206"]
[EventDate "2019.01.13"]
[WhiteTeam "Wood Green Monarchs"]
[BlackTeam "Grantham Sharks 1"]

1. c4 e6 2. Nf3 a6 3. d4 d5 4. e3 Nf6 5. a3 dxc4 6. Bxc4 b5 7. Be2 c5 8. O-O
Nc6 9. dxc5 Bxc5 10. Qc2 Qb6 11. b4 Be7 12. Bb2 Bb7 13. Nbd2 Rc8 14. Qb3 O-O
15. Rac1 Rfd8 16. Rfd1 h6 17. h3 Qa7 18. Nf1 Ne4 19. Rxd8+ Rxd8 20. Rd1 Qa8 21.
Rxd8+ Bxd8 22. Qd3 Ne7 23. N1d2 Nf5 24. Nxe4 Bxe4 25. Qd2 Bb6 26. Qc3 f6 27.
Qb3 Bd5 28. Qd1 e5 29. Qc2 Nd6 30. Ne1 Qa7 31. Qd2 Qb7 32. Qc2 Qd7 33. Bg4 f5
34. Be2 e4 35. Qc3 Bc4 36. Bh5 f4 37. Nc2 Bd3 38. exf4 Nc4 39. Bg4 Qa7 40. Be6+
Kh8 41. Nd4 Kh7 42. Ba1 Nd6 43. Kh1 Bc4 44. Bf5+ Nxf5 45. Nxf5 Bxf2 46. Nxg7
Qe3 47. Nf5 Qe1+ 48. Qxe1 Bxe1 49. Bd4 Be6 50. Ne3 Bd2 51. Kg1 Bb3 52. Kf2 Bc1
53. Ke2 Bxa3 54. Bc3 Bc1 55. g3 Kg6 56. Be5 Kf7 57. Bc3 Ke6 58. Ng4 h5 59. Ne3
Bc4+ 60. Kf2 Bd3 61. g4 hxg4 62. hxg4 Ba3 63. Ke1 a5 64. bxa5 b4 65. Bd4 b3 66.
Nd1 Bb4+ 67. Kf2 Bxa5 68. Ke3 Kd5 69. Nc3+ Kc4 70. Nd1 Bc2 71. Nb2+ Kd5 72. Bf6
Bb6+ 73. Ke2 e3 74. Na4 Ba7 75. f5 Bd4 76. Nc3+ Kc4 77. Bxd4 Kxd4 78. Na4 Bd3+
79. Ke1 Bb5 80. Nb2 Ke5 81. Nd1 Kf6 82. Nxe3 b2 83. Nd5+ Ke5 84. Nc3 Bd3 85.
Kd2 Kd4 86. f6 Bg6 87. Nb5+ Kc4 88. Nc3 Kb3 89. g5 Bh5 90. Kd3 Bf7 91. Kd2 Bg6
92. Nb1 Ka2 93. Nc3+ Kb3 94. Nb1 Ka2 95. Nc3+ Ka3 96. Nb5+ Kb4 97. Nc3 Kc4 98.
f7 Bxf7 99. Kc2 b1=Q+ 100. Nxb1 Bg6+ 101. Kc1 Bxb1 102. Kxb1 Kd5 103. g6 Ke5
1/2-1/2

[Event "4NCL Division 1b"]
[Site "Daventry, ENG"]
[Date "2019.01.13"]
[Round "4.81"]
[White "Gormally, Daniel W"]
[Black "Howell, David W L"]
[Result "1/2-1/2"]
[WhiteElo "2481"]
[BlackElo "2685"]
[PlyCount "96"]
[EventDate "2019.01.13"]
[WhiteTeam "Blackthorne Russia"]
[BlackTeam "Cheddleton 1"]

1. e4 c6 2. d4 d5 3. e5 Bf5 4. Nf3 e6 5. Be2 Ne7 6. O-O h6 7. c3 Nd7 8. Nbd2
Qc7 9. Re1 c5 10. dxc5 Nxc5 11. Nd4 a6 12. Nxf5 Nxf5 13. Nf3 Be7 14. Nd4 g6 15.
Nxf5 gxf5 16. Be3 Nd7 17. Bd4 Bc5 18. Rc1 Rc8 19. Qd2 Qd8 20. b4 Be7 21. c4
dxc4 22. Rxc4 Rxc4 23. Bxc4 Nb8 24. Qb2 Nc6 25. Bc3 O-O 26. Qb3 Kh7 27. Bf1 Qc7
28. a3 Rd8 29. Rd1 Nxe5 30. Rxd8 Bxd8 31. Bxe5 Qxe5 32. Qf3 Qc7 33. g3 Kg7 34.
Bg2 Qc1+ 35. Bf1 Qc7 36. Bg2 b6 37. Qc6 Qe5 38. Qc8 Qe1+ 39. Bf1 Bf6 40. Qxa6
Bd4 41. Qe2 Qa1 42. Qf3 Qb2 43. g4 fxg4 44. Qxg4+ Kh7 45. Qf4 Kg8 46. Qb8+ Kh7
47. Qf4 Kg7 48. Qg3+ Kf6 1/2-1/2

[Event "4NCL Division 1b"]
[Site "Daventry, ENG"]
[Date "2019.01.13"]
[Round "4.82"]
[White "Hawkins, Jonathan"]
[Black "Hunt, Adam C"]
[Result "1-0"]
[WhiteElo "2569"]
[BlackElo "2396"]
[PlyCount "99"]
[EventDate "2019.01.13"]
[WhiteTeam "Cheddleton 1"]
[BlackTeam "Blackthorne Russia"]

1. d4 Nf6 2. c4 g6 3. Nc3 d5 4. Nf3 Bg7 5. Qb3 dxc4 6. Qxc4 O-O 7. e4 a6 8. Be2
b5 9. Qb3 c5 10. dxc5 Be6 11. Qc2 Nbd7 12. Be3 Rc8 13. c6 Rxc6 14. Nd4 Rd6 15.
Nxe6 Rxe6 16. f3 Qa5 17. O-O Rc8 18. Rfd1 Rec6 19. a3 Qc7 20. Qb3 e6 21. a4 Nc5
22. Qa3 b4 23. Qxb4 Bf8 24. Na2 Rb8 25. Qe1 Nxa4 26. b4 Nd7 27. Rac1 Bg7 28.
Qd2 Ne5 29. Rxc6 Qxc6 30. Rc1 Qe8 31. Qc2 Nb6 32. f4 Rc8 33. Qb3 Ned7 34. Bxa6
Ra8 35. Bb7 Ra7 36. Bc6 Qb8 37. Nc3 Rc7 38. Nb5 Rc8 39. e5 g5 40. Nd6 Rc7 41.
g3 Bf8 42. b5 Be7 43. Qd1 Ra7 44. Qh5 Bxd6 45. Qxg5+ Kf8 46. exd6 Qxd6 47. Qd8+
Kg7 48. Bxb6 Qd2 49. Qg5+ Kh8 50. Bxa7 1-0

[Event "4NCL Division 1b"]
[Site "Daventry, ENG"]
[Date "2019.01.13"]
[Round "4.83"]
[White "Bates, Richard A"]
[Black "Fodor, Tamas Jr"]
[Result "0-1"]
[WhiteElo "2358"]
[BlackElo "2523"]
[PlyCount "60"]
[EventDate "2019.01.13"]
[WhiteTeam "Blackthorne Russia"]
[BlackTeam "Cheddleton 1"]

1. d4 d5 2. c4 e6 3. Nf3 c6 4. g3 dxc4 5. Bg2 b5 6. O-O Bb7 7. e3 Nd7 8. Qe2
Ngf6 9. b3 cxb3 10. axb3 Qb6 11. Nc3 Bb4 12. Bb2 a5 13. Rfd1 O-O 14. Ne5 Rfd8
15. Nd3 Bf8 16. g4 c5 17. Bxb7 Qxb7 18. Nxc5 Nxc5 19. dxc5 b4 20. Na4 Ne4 21.
Rac1 Rxd1+ 22. Qxd1 Rc8 23. Qf3 Qc6 24. Rc2 f6 25. Kg2 Rc7 26. h4 Qd5 27. Nb6
Qd3 28. Rc4 Nxc5 29. e4 Qxf3+ 30. Kxf3 Rb7 0-1

[Event "4NCL Division 1b"]
[Site "Daventry, ENG"]
[Date "2019.01.13"]
[Round "4.84"]
[White "Pert, Richard G"]
[Black "Ledger, Andrew J"]
[Result "1-0"]
[WhiteElo "2428"]
[BlackElo "2349"]
[PlyCount "63"]
[EventDate "2019.01.13"]
[WhiteTeam "Cheddleton 1"]
[BlackTeam "Blackthorne Russia"]

1. d4 e6 2. Nf3 Nf6 3. Bg5 h6 4. Bxf6 Qxf6 5. e4 d6 6. Nc3 Nd7 7. Qd2 c6 8.
O-O-O e5 9. Kb1 Be7 10. h4 Nb6 11. Qe3 Bg4 12. Be2 O-O-O 13. d5 c5 14. Nd2 Bd7
15. Bb5 Kb8 16. Bxd7 Rxd7 17. a4 Bd8 18. Rh3 h5 19. Qe2 Nc8 20. Nc4 g6 21. a5
a6 22. Na4 Qe7 23. Rb3 Na7 24. Nab6 Bxb6 25. axb6 Nb5 26. Na5 Rc8 27. Rxb5 axb5
28. Qxb5 c4 29. Nxc4 Rdd8 30. Qa4 Rc5 31. Qa7+ Kc8 32. Na5 1-0

[Event "4NCL Division 1b"]
[Site "Daventry, ENG"]
[Date "2019.01.13"]
[Round "4.85"]
[White "Ansell, Simon T"]
[Black "Eggleston, David J"]
[Result "1/2-1/2"]
[WhiteElo "2332"]
[BlackElo "2387"]
[PlyCount "94"]
[EventDate "2019.01.13"]
[WhiteTeam "Blackthorne Russia"]
[BlackTeam "Cheddleton 1"]

1. e4 c5 2. Nf3 d6 3. Bb5+ Nd7 4. Ba4 Ngf6 5. O-O g6 6. d3 Bg7 7. c4 O-O 8. Nc3
Ne5 9. Nxe5 dxe5 10. a3 a5 11. Be3 b6 12. h3 Bd7 13. Bc2 Bc6 14. Rb1 Nd7 15. b4
e6 16. Ba4 Qc7 17. bxc5 Nxc5 18. Bxc5 bxc5 19. Bxc6 Qxc6 20. Rb5 Rfd8 21. Na4
Bf8 22. Qc2 Rd4 23. Rfb1 Rad8 24. R1b3 Qd7 25. Nb2 Ra8 26. Rb7 Qd8 27. Na4 Rc8
28. Ra7 Ra8 29. Rxa8 Qxa8 30. Rb5 Qd8 31. Nb2 f5 32. f3 Bh6 33. Qe2 Bf4 34.
Rxc5 Rxe4 35. dxe4 Qd4+ 36. Kf1 Qxc5 37. Qd3 Bh2 38. Ke2 Bg1 39. Qd8+ Kg7 40.
Nd3 Qxa3 41. Qc7+ Kh6 42. Qxe5 Qa2+ 43. Kf1 Qxc4 44. Kxg1 Qxd3 45. Qxe6 fxe4
46. fxe4 a4 47. Qe7 a3 1/2-1/2

[Event "4NCL Division 1b"]
[Site "Daventry, ENG"]
[Date "2019.01.13"]
[Round "4.86"]
[White "Arkell, Keith C"]
[Black "Ledger, Dave J"]
[Result "1/2-1/2"]
[WhiteElo "2460"]
[BlackElo "2237"]
[PlyCount "128"]
[EventDate "2019.01.13"]
[WhiteTeam "Cheddleton 1"]
[BlackTeam "Blackthorne Russia"]

1. d4 Nf6 2. Nf3 e6 3. c4 c5 4. d5 exd5 5. cxd5 d6 6. Nc3 g6 7. g3 Bg7 8. Bg2
O-O 9. O-O Re8 10. Nd2 a6 11. a4 Nbd7 12. Nc4 Ne5 13. Nxe5 Rxe5 14. Bf4 Re8 15.
Qc2 Rb8 16. Rab1 b5 17. axb5 axb5 18. b4 c4 19. Ra1 Nh5 20. Bd2 f5 21. Ra5 Bd7
22. Rfa1 Bd4 23. e3 Bg7 24. Ra7 Re7 25. R1a5 Be8 26. Qa2 Nf6 27. Ne2 Ne4 28.
Bxe4 Rxe4 29. Bc3 Bxc3 30. Nxc3 Re7 31. Qd2 Rxa7 32. Rxa7 Ra8 33. Rxa8 Qxa8 34.
Kg2 Qa1 35. f3 Bd7 36. h3 Qa3 37. Ne2 Be8 38. Kf2 Bf7 39. e4 fxe4 40. fxe4 Qa1
41. Qc1 Qa4 42. Qc3 Qd1 43. Ke3 Qh1 44. h4 Qd1 45. Nd4 Qg1+ 46. Kf4 h6 47. Nf3
Qb1 48. g4 Kf8 49. g5 hxg5+ 50. hxg5 Kg8 51. Ke3 Qd1 52. Kf4 Qb1 53. Nh2 Qg1
54. Ng4 Qf1+ 55. Qf3 Qb1 56. Nh6+ Kf8 57. Kg4 Qg1+ 58. Kh3 Qa7 59. Qf4 Ke8 60.
Ng4 Qa3+ 61. Kg2 Qxb4 62. Nh6 Qb2+ 63. Kh3 Qa3+ 64. Kg2 Qa7 1/2-1/2

[Event "4NCL Division 1b"]
[Site "Daventry, ENG"]
[Date "2019.01.13"]
[Round "4.88"]
[White "Stoeri, Laura"]
[Black "Camp, Syringa Lyn"]
[Result "0-1"]
[WhiteElo "2122"]
[BlackElo "1665"]
[PlyCount "84"]
[EventDate "2019.01.13"]
[WhiteTeam "Cheddleton 1"]
[BlackTeam "Blackthorne Russia"]

1. e4 c5 2. Nf3 d6 3. Bb5+ Nd7 4. O-O a6 5. Bxd7+ Bxd7 6. c3 g6 7. d4 Bg7 8.
dxc5 dxc5 9. Qb3 Qc7 10. Bg5 c4 11. Qc2 Nf6 12. Nbd2 O-O 13. Rfe1 e5 14. Rad1
Be6 15. h3 h6 16. Bxf6 Bxf6 17. Nf1 Rad8 18. Ne3 Bg7 19. Qe2 b5 20. Nh2 Rxd1
21. Rxd1 Rd8 22. Nhf1 f5 23. Re1 Rd3 24. a4 Qb7 25. axb5 axb5 26. Nc2 f4 27.
Nb4 Rd6 28. Nh2 Qd7 29. Nf3 g5 30. Ra1 g4 31. hxg4 Bxg4 32. Nd5 h5 33. Ra8+ Kh7
34. Kf1 h4 35. Ke1 Bh5 36. Nxe5 Bxe2 37. Nxd7 f3 38. gxf3 Bxf3 39. Ra7 h3 40.
N7f6+ Kg6 41. Ne8 h2 42. Rxg7+ Kh6 0-1

[Event "4NCL Division 1b"]
[Site "Telford, ENG"]
[Date "2019.02.09"]
[Round "5.51"]
[White "Erdos, Viktor"]
[Black "Grandelius, Nils"]
[Result "1/2-1/2"]
[WhiteElo "2614"]
[BlackElo "2679"]
[PlyCount "37"]
[EventDate "2019.02.09"]
[WhiteTeam "Chess.com Manx Liberty 1"]
[BlackTeam "Cheddleton 1"]

1. d4 d5 2. Nf3 e6 3. c4 a6 4. Bg5 Be7 5. Bxe7 Nxe7 6. e3 O-O 7. Nbd2 Nd7 8.
Rc1 b6 9. Be2 Bb7 10. O-O a5 11. cxd5 Bxd5 12. Qa4 c5 13. Bb5 Ra7 14. Bxd7 Rxd7
15. dxc5 Bc6 16. Qh4 bxc5 17. Ne4 Bxe4 18. Qxe4 Rd5 19. Rc3 1/2-1/2

[Event "4NCL Division 1b"]
[Site "Telford, ENG"]
[Date "2019.02.09"]
[Round "5.52"]
[White "Howell, David W L"]
[Black "Tari, Aryan"]
[Result "1/2-1/2"]
[WhiteElo "2689"]
[BlackElo "2620"]
[PlyCount "137"]
[EventDate "2019.02.09"]
[WhiteTeam "Cheddleton 1"]
[BlackTeam "Chess.com Manx Liberty 1"]

1. Nf3 Nf6 2. g3 g6 3. c4 c6 4. b3 Bg7 5. Bb2 d5 6. Bg2 O-O 7. O-O a5 8. d3 Re8
9. Nbd2 Bg4 10. Rc1 Nbd7 11. Qc2 e5 12. cxd5 cxd5 13. h3 Bxf3 14. Nxf3 Bf8 15.
Qc7 a4 16. Qxd8 Raxd8 17. Rc7 axb3 18. axb3 Rb8 19. Ra1 Bd6 20. Rcc1 Ra8 21.
Kf1 Kf8 22. Ke1 Ke7 23. Kd1 Reb8 24. Nd2 b5 25. Nf1 Nb6 26. Rxa8 Rxa8 27. Rc6
Nfd7 28. Ne3 Ra2 29. Kc1 d4 30. Nf1 Bb4 31. Kb1 Ra7 32. f4 f6 33. fxe5 fxe5 34.
e3 dxe3 35. Nxe3 Bd6 36. d4 Rc7 37. d5 Rxc6 38. dxc6 Nf6 39. g4 Bc5 40. g5 Nh5
41. Ng4 Nf4 42. Bf1 Bd4 43. Ba3+ Ke6 44. Nf6 Nbd5 45. h4 Bb6 46. Nxd5 Kxd5 47.
Bxb5 Ng2 48. Bc1 Nxh4 49. Be3 Bc7 50. Bc4+ Kxc6 51. Bg8 Nf5 52. Bc1 Ne7 53. Bf7
e4 54. Kc2 Bb6 55. Kc3 Nf5 56. Bg8 e3 57. Kd3 h6 58. gxh6 Nxh6 59. Be6 Nf5 60.
Bxf5 gxf5 61. Bxe3 Bxe3 62. Kxe3 Kb5 63. Kf4 Kb4 64. Kg5 f4 65. Kg4 f3 66. Kh3
Kc3 67. Kg3 Kxb3 68. Kf2 Ka2 69. Kxf3 1/2-1/2

[Event "4NCL Division 1b"]
[Site "Telford, ENG"]
[Date "2019.02.09"]
[Round "5.54"]
[White "Hawkins, Jonathan"]
[Black "Parligras, Mircea-Emilian"]
[Result "1/2-1/2"]
[WhiteElo "2560"]
[BlackElo "2657"]
[PlyCount "62"]
[EventDate "2019.02.09"]
[WhiteTeam "Cheddleton 1"]
[BlackTeam "Chess.com Manx Liberty 1"]

1. d4 d5 2. c4 e6 3. Nc3 Bb4 4. Nf3 Nf6 5. Bg5 h6 6. Bxf6 Qxf6 7. e3 O-O 8. Rc1
dxc4 9. Bxc4 c5 10. O-O cxd4 11. Nxd4 Bd7 12. Ne4 Qe7 13. a3 Ba5 14. Qh5 Bb6
15. Rfd1 Rd8 16. Nd6 Be8 17. Nxe8 Rxe8 18. Qf3 Rd8 19. Qe4 Bxd4 20. exd4 Nc6
21. Bb5 Rab8 22. b4 a5 23. bxa5 Rd5 24. Bc4 Rxa5 25. d5 exd5 26. Bxd5 Qxe4 27.
Bxe4 Rxa3 28. Rd7 Ra5 29. g3 Re8 30. Bxc6 bxc6 31. Rxc6 h5 1/2-1/2

[Event "4NCL Division 1b"]
[Site "Telford, ENG"]
[Date "2019.02.09"]
[Round "5.78"]
[White "Ledger, Stephen C"]
[Black "Reeve, Andy K"]
[Result "1/2-1/2"]
[WhiteElo "2110"]
[BlackElo "2085"]
[PlyCount "114"]
[EventDate "2019.02.09"]
[WhiteTeam "Blackthorne Russia"]
[BlackTeam "3Cs 1"]

1. d4 d6 2. e4 Nf6 3. Nc3 c6 4. Nf3 Bg4 5. h3 Bh5 6. Qe2 Bg6 7. Nh4 e5 8. Nxg6
hxg6 9. Be3 Be7 10. g3 b5 11. Bg2 a6 12. O-O Nbd7 13. Rad1 Qc7 14. f4 O-O 15.
g4 b4 16. Na4 Rae8 17. b3 c5 18. dxe5 dxe5 19. Qxa6 Ra8 20. Qe2 exf4 21. Bxf4
Ne5 22. Qe3 Bd6 23. Qg3 Rfe8 24. c3 Nfd7 25. Rd5 Nf6 26. Rd2 g5 27. Bxg5 Nc4
28. Rxd6 Qxd6 29. Qxd6 Nxd6 30. e5 Rxa4 31. bxa4 Rxe5 32. Bxf6 gxf6 33. cxb4
cxb4 34. Rxf6 Nc4 35. Rf4 Rc5 36. Kf2 Ne5 37. Kg1 Nc4 38. Kh2 Ne3 39. Re4 Rc3
40. Kg1 Nc4 41. h4 Rc1+ 42. Kh2 Kg7 43. g5 Rc2 44. Kg3 Rc3+ 45. Kf4 Rc2 46. Bf3
Nb2 47. h5 Nxa4 48. Rxb4 Nc5 49. Rb5 Ne6+ 50. Kg4 Rc4+ 51. Kg3 Rc3 52. Rf5 Ra3
53. Rd5 Rxa2 54. h6+ Kg8 55. Rb5 Ra3 56. Kg4 Ra4+ 57. Kg3 Ra3 1/2-1/2

[Event "4NCL Division 1b"]
[Site "Telford, ENG"]
[Date "2019.02.10"]
[Round "6.51"]
[White "Gormally, Daniel W"]
[Black "Erdos, Viktor"]
[Result "1/2-1/2"]
[WhiteElo "2503"]
[BlackElo "2614"]
[PlyCount "21"]
[EventDate "2019.02.10"]
[WhiteTeam "Blackthorne Russia"]
[BlackTeam "Chess.com Manx Liberty 1"]

1. d4 Nf6 2. c4 c6 3. Nf3 d5 4. Nc3 dxc4 5. a4 Bf5 6. Nh4 Bc8 7. Nf3 Bf5 8. Nh4
Bc8 9. Nf3 Bf5 10. Nh4 Bc8 11. Nf3 1/2-1/2

[Event "4NCL Division 1b"]
[Site "Telford, ENG"]
[Date "2019.02.10"]
[Round "6.52"]
[White "Tari, Aryan"]
[Black "Hunt, Harriet V"]
[Result "1/2-1/2"]
[WhiteElo "2620"]
[BlackElo "2417"]
[PlyCount "75"]
[EventDate "2019.02.10"]
[WhiteTeam "Chess.com Manx Liberty 1"]
[BlackTeam "Blackthorne Russia"]

1. e4 e5 2. Nf3 Nc6 3. Bb5 a6 4. Ba4 Nf6 5. d3 b5 6. Bb3 Bc5 7. a4 Rb8 8. O-O
O-O 9. Nc3 h6 10. Nd5 d6 11. c3 Nxd5 12. exd5 Ne7 13. d4 exd4 14. Nxd4 Bd7 15.
Qd3 Ng6 16. Bc2 Qf6 17. Be3 bxa4 18. Rfb1 Bb5 19. c4 Bd7 20. Bxa4 Ne5 21. Qd1
Bg4 22. Qf1 Rb4 23. Nc6 Nxc6 24. Bxc5 dxc5 25. Bxc6 Rxb2 26. Rxb2 Qxb2 27. Rxa6
Be2 28. Qa1 Qxa1+ 29. Rxa1 Bxc4 30. Ra5 Rb8 31. h3 Rb1+ 32. Kh2 Rd1 33. Rxc5
Bb3 34. Bb7 Kf8 35. Kg3 Ke8 36. Kf4 Kd7 37. Ke4 Rd2 38. Ke3 1/2-1/2

[Event "4NCL Division 1b"]
[Site "Telford, ENG"]
[Date "2019.02.10"]
[Round "6.53"]
[White "Webb, Laurence E"]
[Black "Lupulescu, Constantin"]
[Result "0-1"]
[WhiteElo "2333"]
[BlackElo "2610"]
[PlyCount "116"]
[EventDate "2019.02.10"]
[WhiteTeam "Blackthorne Russia"]
[BlackTeam "Chess.com Manx Liberty 1"]

1. d4 Nf6 2. Nf3 d5 3. c4 e6 4. Nc3 Nbd7 5. cxd5 exd5 6. Bg5 c6 7. e3 h6 8. Bh4
g5 9. Bg3 Nh5 10. Bd3 Nxg3 11. hxg3 Bg7 12. Qc2 Qe7 13. Rc1 Nb6 14. O-O O-O 15.
Bh7+ Kh8 16. Bf5 Bxf5 17. Qxf5 Nc4 18. Qc2 f5 19. Na4 Nd6 20. Nc5 g4 21. Ne1 h5
22. Ned3 Rf6 23. Nf4 Rh6 24. Nxb7 Nxb7 25. Qxf5 Qe8 26. Rc3 Nd6 27. Qc2 Ne4 28.
Rb3 Qe7 29. f3 Nxg3 30. Ng6+ Rxg6 31. Qxg6 Qh4 32. Kf2 Nxf1+ 33. Kxf1 Qh1+ 34.
Kf2 gxf3 35. gxf3 Rf8 36. Qg2 Qxg2+ 37. Kxg2 Bf6 38. Rc3 Rg8+ 39. Kh2 Rc8 40.
b4 Be7 41. a3 Kg7 42. e4 dxe4 43. fxe4 Kf6 44. Kh3 Ke6 45. b5 Kd7 46. Rb3 c5
47. dxc5 Bxc5 48. a4 Bb6 49. Rg3 Kd6 50. Rg7 Rc7 51. Rg6+ Ke5 52. Kh4 Rh7 53.
Rg2 Kxe4 54. Ra2 Bd8+ 55. Kh3 Ba5 56. Re2+ Kd3 57. Re6 Kc4 58. Ra6 Bb6 0-1

[Event "4NCL Division 1b"]
[Site "Telford, ENG"]
[Date "2019.02.10"]
[Round "6.54"]
[White "Parligras, Mircea-Emilian"]
[Black "Ledger, Andrew J"]
[Result "1-0"]
[WhiteElo "2657"]
[BlackElo "2345"]
[PlyCount "67"]
[EventDate "2019.02.10"]
[WhiteTeam "Chess.com Manx Liberty 1"]
[BlackTeam "Blackthorne Russia"]

1. d4 d5 2. c4 c6 3. Nf3 Nf6 4. Nc3 a6 5. e3 b5 6. c5 Bg4 7. h3 Bxf3 8. gxf3 e5
9. dxe5 Nfd7 10. f4 Nxc5 11. Bg2 Ra7 12. O-O f5 13. b4 Ne6 14. a3 a5 15. Rb1
axb4 16. axb4 Be7 17. Qb3 Nc7 18. Rd1 Qc8 19. Ne2 Ne6 20. Bb2 Ra4 21. Rbc1 Rxb4
22. Qc2 Nc5 23. Nd4 Nba6 24. Bc3 Rc4 25. Bf1 b4 26. Bxc4 dxc4 27. Be1 c3 28.
Qxf5 Qxf5 29. Nxf5 Nb3 30. Rc2 Nc7 31. Rb1 Na5 32. Nxe7 Kxe7 33. Rxb4 Nd5 34.
Ra4 1-0

[Event "4NCL Division 1b"]
[Site "Telford, ENG"]
[Date "2019.02.10"]
[Round "6.55"]
[White "Ansell, Simon T"]
[Black "Cyborowski, Lukasz"]
[Result "1/2-1/2"]
[WhiteElo "2336"]
[BlackElo "2520"]
[PlyCount "60"]
[EventDate "2019.02.10"]
[WhiteTeam "Blackthorne Russia"]
[BlackTeam "Chess.com Manx Liberty 1"]

1. d4 Nf6 2. Bf4 e6 3. e3 Be7 4. Nd2 b6 5. Qf3 d5 6. Bb5+ c6 7. Bd3 Ba6 8. Bxa6
Nxa6 9. c3 O-O 10. g4 Ne8 11. Qe2 Nb8 12. Ngf3 Bd6 13. Bg5 Be7 14. h4 Nd6 15.
e4 dxe4 16. Nxe4 Re8 17. O-O-O Nxe4 18. Qxe4 Qd5 19. Rde1 Nd7 20. Bxe7 Rxe7 21.
g5 Rae8 22. Kc2 Qxe4+ 23. Rxe4 Kf8 24. Rhe1 c5 25. dxc5 Nxc5 26. R4e3 Rc8 27.
Ne5 Nd7 28. Nd3 Nc5 29. Ne5 Nd7 30. Nd3 Nc5 1/2-1/2

[Event "4NCL Division 1b"]
[Site "Telford, ENG"]
[Date "2019.02.10"]
[Round "6.61"]
[White "Grandelius, Nils"]
[Black "Gordon, Stephen J"]
[Result "1-0"]
[WhiteElo "2679"]
[BlackElo "2542"]
[PlyCount "123"]
[EventDate "2019.02.10"]
[WhiteTeam "Cheddleton 1"]
[BlackTeam "3Cs 1"]

1. e4 c5 2. Nf3 d6 3. d4 cxd4 4. Nxd4 Nf6 5. Nc3 a6 6. Bg5 Nbd7 7. Bc4 Qb6 8.
Bb3 e6 9. a4 Qa5 10. Qd2 Be7 11. f3 O-O 12. O-O Kh8 13. Kh1 Nc5 14. Ba2 Bd7 15.
Rfb1 Nxa4 16. Bb3 b5 17. Nxa4 Qxd2 18. Bxd2 bxa4 19. Bxa4 Rfc8 20. c3 Bd8 21.
Bc2 a5 22. Bd3 d5 23. e5 Ng8 24. Nb5 Bxb5 25. Bxb5 Rab8 26. Bd3 Bb6 27. g3 Ne7
28. Kg2 Nc6 29. f4 Bc5 30. Ra4 h5 31. b4 axb4 32. cxb4 Bb6 33. Rc1 g6 34. b5
Ne7 35. Rxc8+ Nxc8 36. Bb4 Kg7 37. Kf3 Na7 38. h3 Rb7 39. g4 hxg4+ 40. hxg4 Bd8
41. Bc5 Nxb5 42. Rb4 Ba5 43. Rxb5 Rxb5 44. Bxb5 Bc3 45. Be7 Bd4 46. Ke2 Bb2 47.
Kd2 Bd4 48. Bd3 Kg8 49. Bf6 Kf8 50. Bb5 Bb2 51. Bc6 Ba1 52. Kd3 Bb2 53. f5 gxf5
54. gxf5 Ba1 55. Bd7 exf5 56. Bxf5 Bb2 57. Bg4 Ba1 58. Bf3 d4 59. Ke4 Bc3 60.
Be2 Bb2 61. Bc4 Bc3 62. Bh4 1-0

[Event "4NCL Division 1b"]
[Site "Telford, ENG"]
[Date "2019.02.10"]
[Round "6.62"]
[White "Guichard, Pauline"]
[Black "Howell, David W L"]
[Result "0-1"]
[WhiteElo "2370"]
[BlackElo "2689"]
[PlyCount "84"]
[EventDate "2019.02.10"]
[WhiteTeam "3Cs 1"]
[BlackTeam "Cheddleton 1"]

1. Nf3 g6 2. c4 Bg7 3. Nc3 c5 4. e3 Nf6 5. d4 cxd4 6. Nxd4 O-O 7. Be2 d5 8. O-O
dxc4 9. Bxc4 a6 10. Be2 b5 11. b4 e5 12. Nb3 Qe7 13. a4 Rd8 14. Qc2 Nc6 15.
axb5 Nxb4 16. Qb1 Qc7 17. Bb2 Bf5 18. e4 Be6 19. Ra3 Bf8 20. Rc1 Qb8 21. Na4
axb5 22. Nac5 Bxb3 23. Rxb3 Rd2 24. Rxb4 Rxe2 25. Kf1 Rd2 26. Bc3 Rxf2+ 27.
Kxf2 Bxc5+ 28. Kf3 Bxb4 29. Qxb4 Ra4 30. Qe7 Rxe4 31. Qxf6 Rf4+ 32. Qxf4 exf4
33. Bf6 h6 34. Rd1 Qb7+ 35. Kxf4 g5+ 36. Kg3 Kh7 37. Rd2 Qe4 38. Rf2 Kg6 39.
Bb2 Qe3+ 40. Rf3 Qe1+ 41. Rf2 f5 42. h3 f4+ 0-1

[Event "4NCL Division 1b"]
[Site "Telford, ENG"]
[Date "2019.02.10"]
[Round "6.66"]
[White "Walton, Alan J"]
[Black "Arkell, Keith C"]
[Result "0-1"]
[WhiteElo "2140"]
[BlackElo "2461"]
[PlyCount "96"]
[EventDate "2019.02.10"]
[WhiteTeam "3Cs 1"]
[BlackTeam "Cheddleton 1"]

1. d4 Nf6 2. Bg5 e6 3. e3 c5 4. c3 cxd4 5. exd4 Be7 6. Bd3 b6 7. Nf3 Bb7 8.
Nbd2 d6 9. O-O Nbd7 10. Qe2 O-O 11. Rfe1 Re8 12. Rad1 a6 13. Bh4 Nf8 14. Bxf6
Bxf6 15. Be4 Bxe4 16. Nxe4 b5 17. Nxf6+ Qxf6 18. a3 Nd7 19. Nd2 Nb6 20. Ne4 Qe7
21. Rd3 Nd5 22. Qd2 h6 23. Ng3 Kh7 24. Rf3 g6 25. Ne4 Kg7 26. Qe2 f5 27. Ng3
Qg5 28. b3 Kh7 29. c4 bxc4 30. bxc4 Nf4 31. Qf1 e5 32. Rfe3 e4 33. Rb1 Rab8 34.
Reb3 Rxb3 35. Rxb3 h5 36. Rb7+ Kh6 37. Ne2 Nxe2+ 38. Qxe2 Qc1+ 39. Qf1 Qxa3 40.
c5 dxc5 41. dxc5 Qxc5 42. Qa1 Qe5 43. Qc1+ e3 44. Ra7 f4 45. fxe3 Qxe3+ 46.
Qxe3 fxe3 47. Kf1 e2+ 48. Ke1 Re6 0-1

[Event "4NCL Division 1b"]
[Site "Telford, ENG"]
[Date "2019.02.10"]
[Round "6.67"]
[White "Kirk, Ezra"]
[Black "Longson, Sarah N"]
[Result "1-0"]
[WhiteElo "2438"]
[BlackElo "2101"]
[PlyCount "49"]
[EventDate "2019.02.10"]
[WhiteTeam "Cheddleton 1"]
[BlackTeam "3Cs 1"]

1. d4 d5 2. c4 dxc4 3. Nf3 Nf6 4. e3 e6 5. Bxc4 a6 6. O-O c5 7. Bb3 Be7 8. Nc3
Nc6 9. Qe2 cxd4 10. Rd1 O-O 11. Nxd4 Qc7 12. Nxc6 Qxc6 13. e4 b5 14. Bg5 Bb7
15. Rac1 Qe8 16. e5 Nd7 17. Bf4 Nc5 18. Qg4 Kh8 19. Bc2 b4 20. Ne2 Qb8 21. Ng3
Bd5 22. Rxd5 exd5 23. Nf5 Ne6 24. Nxe7 Nxf4 25. Qxf4 1-0

[Event "4NCL Division 1b"]
[Site "Telford, ENG"]
[Date "2019.02.10"]
[Round "6.74"]
[White "Sarakauskas, Gediminas"]
[Black "Weaving, Richard"]
[Result "1-0"]
[WhiteElo "2430"]
[BlackElo "2322"]
[PlyCount "41"]
[EventDate "2019.02.10"]
[WhiteTeam "Guildford 2"]
[BlackTeam "Wood Green Monarchs"]

1. c4 e5 2. Nc3 Nf6 3. Nf3 Nc6 4. e3 Bb4 5. Qc2 Bxc3 6. bxc3 O-O 7. e4 d6 8.
Be2 Ne8 9. d4 Qe7 10. O-O Bg4 11. Be3 f5 12. exf5 Bxf5 13. Qb3 Na5 14. Qb5 b6
15. Qd5+ Kh8 16. Qxa8 c6 17. dxe5 dxe5 18. Qb8 Bg4 19. c5 bxc5 20. Rfe1 Nd6 21.
Bg5 1-0

[Event "4NCL Division 1b"]
[Site "Telford, ENG"]
[Date "2019.02.10"]
[Round "6.81"]
[White "Roberson, Peter T"]
[Black "Cornette, Matthieu"]
[Result "1-0"]
[WhiteElo "2420"]
[BlackElo "2584"]
[PlyCount "139"]
[EventDate "2019.02.10"]
[WhiteTeam "Grantham Sharks 1"]
[BlackTeam "Celtic Tigers 1"]

1. e4 e6 2. d4 d5 3. Nd2 c5 4. Ngf3 cxd4 5. exd5 Qxd5 6. Bc4 Qd7 7. O-O Nc6 8.
Nb3 a6 9. Nbxd4 Nxd4 10. Nxd4 Qc7 11. Qe2 Bd6 12. Nf5 Bxh2+ 13. Kh1 Be5 14. Re1
g6 15. Qxe5 Qxe5 16. Rxe5 gxf5 17. b3 Ne7 18. Bb2 Rg8 19. Rae1 Bd7 20. Ba3 Rg5
21. Bd3 Bc6 22. f3 h6 23. Bxe7 Kxe7 24. Rxf5 Rag8 25. Re2 Rd8 26. Rf4 Rdd5 27.
Kg1 h5 28. Kf2 f5 29. Rh4 Kf6 30. Bc4 Rd6 31. g3 e5 32. Bd3 Rd8 33. f4 exf4 34.
Rxf4 Re8 35. Rxe8 Bxe8 36. Be2 Ke5 37. Rh4 Bf7 38. c3 Be8 39. a4 Kf6 40. a5 Rg7
41. Bxh5 Bxh5 42. Rxh5 Rc7 43. c4 Rc5 44. Rh7 Rxa5 45. Rxb7 Ra2+ 46. Ke3 Rg2
47. Kf3 Rc2 48. Kf4 Rf2+ 49. Ke3 Rg2 50. Kf3 Rc2 51. Rd7 Rc3+ 52. Kf4 Rxb3 53.
Rd6+ Ke7 54. Rxa6 Rc3 55. Rc6 Kf7 56. Rc5 Kg6 57. Rc8 Kf6 58. Rc7 Kg6 59. Rc5
Kg7 60. Kxf5 Rxg3 61. Ke6 Rc3 62. Rc7+ Kg6 63. c5 Re3+ 64. Kd6 Kf6 65. Rd7 Rd3+
66. Kc7 Rc3 67. c6 Ke6 68. Rd1 Rh3 69. Kb7 Ke7 70. c7 1-0